| 000 | 00450nam a2200157 i 4500 | ||
|---|---|---|---|
| 001 | 27606 | ||
| 003 | ES-MaACL | ||
| 005 | 20230906153647.0 | ||
| 007 | t| | ||
| 008 | 030115s1965 xxk ||||1| eng d | ||
| 100 | 1 |
_aAuchincloss, Louis ( _d1917-2010) _923833 |
|
| 245 | 1 | 4 |
_aThe great world ant Timothy Colt / _cLouis Auchincloss. |
| 260 |
_aGreenwich : _bFawcett Pub., _c[1965] |
||
| 300 |
_a240 p. ; _c18 cm. |
||
| 852 |
_aES-MaACL _jC-35375 _bR.66051 |
||
| 999 |
_c27606 _d27606 |
||